<?xml version="1.0" encoding="UTF-8"?><?xml-stylesheet type="text/xsl" href="static/style.xsl"?><OAI-PMH xmlns="http://www.openarchives.org/OAI/2.0/" xmlns:xsi="http://www.w3.org/2001/XMLSchema-instance" xsi:schemaLocation="http://www.openarchives.org/OAI/2.0/ http://www.openarchives.org/OAI/2.0/OAI-PMH.xsd"><responseDate>2026-04-28T21:51:35Z</responseDate><request verb="GetRecord" identifier="oai:riubu.ubu.es:10259/10901" metadataPrefix="marc">https://riubu.ubu.es/oai/request</request><GetRecord><record><header><identifier>oai:riubu.ubu.es:10259/10901</identifier><datestamp>2025-09-30T00:05:36Z</datestamp><setSpec>com_10259_4219</setSpec><setSpec>com_10259_5086</setSpec><setSpec>com_10259_2604</setSpec><setSpec>col_10259_7349</setSpec></header><metadata><record xmlns="http://www.loc.gov/MARC21/slim" xmlns:doc="http://www.lyncode.com/xoai" xmlns:xsi="http://www.w3.org/2001/XMLSchema-instance" xmlns:dcterms="http://purl.org/dc/terms/" xsi:schemaLocation="http://www.loc.gov/MARC21/slim http://www.loc.gov/standards/marcxml/schema/MARC21slim.xsd">
<leader>00925njm 22002777a 4500</leader>
<datafield tag="042" ind1=" " ind2=" ">
<subfield code="a">dc</subfield>
</datafield>
<datafield tag="720" ind1=" " ind2=" ">
<subfield code="a">Lucas Pérez, Gadea</subfield>
<subfield code="e">author</subfield>
</datafield>
<datafield tag="720" ind1=" " ind2=" ">
<subfield code="a">Ramírez Sanz, José Miguel</subfield>
<subfield code="e">author</subfield>
</datafield>
<datafield tag="720" ind1=" " ind2=" ">
<subfield code="a">Serrano Mamolar, Ana</subfield>
<subfield code="e">author</subfield>
</datafield>
<datafield tag="720" ind1=" " ind2=" ">
<subfield code="a">Arnaiz González, Álvar</subfield>
<subfield code="e">author</subfield>
</datafield>
<datafield tag="720" ind1=" " ind2=" ">
<subfield code="a">Bustillo Iglesias, Andrés</subfield>
<subfield code="e">author</subfield>
</datafield>
<datafield tag="260" ind1=" " ind2=" ">
<subfield code="c">2024-09-11</subfield>
</datafield>
<datafield tag="520" ind1=" " ind2=" ">
<subfield code="a">This work presents a conceptual framework that integrates Artificial Intelligence (AI) into immersive Virtual Reality (iVR) training systems, aiming to enhance adaptive learning environments that dynamically respond to individual users’ physiological states. The framework uses real-time data acquisition from multiple sources, including physiological sensors, eye-tracking and user interactions, processed through AI algorithms to personalise the training experience. By adjusting the complexity and nature of training tasks in real time, the framework seeks to maintain an optimal balance between challenge and skill, fostering an immersive learning environment. This work details some methodologies for data acquisition, the preprocessing required to synchronise and standardise diverse data streams, and the AI training techniques essential for effective real-time adaptation. It also discusses logistical considerations of computational load management in adaptive systems. Future work could explore the scalability of these systems and their potential for self-adaptation, where models are continuously refined and updated in real-time based on incoming data during user interactions.</subfield>
</datafield>
<datafield tag="024" ind2=" " ind1="8">
<subfield code="a">978-3-031-71707-9</subfield>
</datafield>
<datafield tag="024" ind2=" " ind1="8">
<subfield code="a">978-3-031-71706-2</subfield>
</datafield>
<datafield tag="024" ind2=" " ind1="8">
<subfield code="a">https://hdl.handle.net/10259/10901</subfield>
</datafield>
<datafield tag="024" ind2=" " ind1="8">
<subfield code="a">10.1007/978-3-031-71707-9_32</subfield>
</datafield>
<datafield ind1=" " ind2=" " tag="653">
<subfield code="a">Machine learning</subfield>
</datafield>
<datafield ind1=" " ind2=" " tag="653">
<subfield code="a">Immersive virtual reality</subfield>
</datafield>
<datafield ind1=" " ind2=" " tag="653">
<subfield code="a">Game-based learning</subfield>
</datafield>
<datafield ind1=" " ind2=" " tag="653">
<subfield code="a">Eye-tracking</subfield>
</datafield>
<datafield ind1=" " ind2=" " tag="653">
<subfield code="a">Stress</subfield>
</datafield>
<datafield tag="245" ind1="0" ind2="0">
<subfield code="a">Personalising the Training Process with Adaptive Virtual Reality: A Proposed Framework, Challenges, and Opportunities</subfield>
</datafield>
</record></metadata></record></GetRecord></OAI-PMH>